Vista normal Vista MARC

Entrada Personal Name

Número de registros utilizados en: 5

001 - CONTROL NUMBER

  • control field: 58652

003 - CONTROL NUMBER IDENTIFIER

  • control field: OSt

005 - DATE AND TIME OF LATEST TRANSACTION

  • control field: 20250224113606.0

008 - FIXED-LENGTH DATA ELEMENTS

  • fixed length control field: 250224|| aca||aabn | a|a d

040 ## - CATALOGING SOURCE

  • Original cataloging agency: OSt
  • Transcribing agency: OSt

100 ## - HEADING--PERSONAL NAME

  • Personal name: Aparicio Catalá, Anna

670 ## - SOURCE DATA FOUND

  • Source citation: Work cat.: (OSt)56944: Aparicio Català, Anna, 1991- autora 58646, El abecedario travieso :









Instituto Departamental de Cultura del Meta - Red Departamental de Bibliotecas Públicas del Meta.